01267nam a2200301Ia 4500001001200000003000800012006001900020007001500039008004100054010001700095020001800112020002800130040002100158035002100179050002600200100002700226245011900253260005400372300001100426504006600437533015200503600005900655650006200714655002900776710001700805856012600822999001700948ebr10318439CaPaEBRm u cr cn|||||||||010405s2001 mau sb 001 0deng d z 2001024609 z9780674011182 z0674006399 (alk. paper) aCaPaEBRcCaPaEBR a(OCoLC)43815566414aD769.8.A6bR63 2001eb1 aRobinson, Greg,d1966-10aBy order of the presidenth[electronic resource] :bFDR and the internment of Japanese Americans /cGreg Robinson. aCambridge, MA :bHarvard University Press,c2001. a322 p. aIncludes bibliographical references (p. [264]-310) and index. aElectronic reproduction.bPalo Alto, Calif. :cebrary,d2009.nAvailable via World Wide Web.nAccess may be limited to ebrary affiliated libraries.10aRoosevelt, Franklin D.q(Franklin Delano),d1882-1945. 0aJapanese AmericansxEvacuation and relocation, 1942-1945. 7aElectronic books.2local2 aebrary, Inc.40uhttp://site.ebrary.com/lib/rucke/Doc?id=10318439zAn electronic book accessible through the World Wide Web; click to view c59767d59767